| Tag |
First Indicator |
Second Indicator |
Subfields |
| LEADER |
00000cam a2200000 a 4500 |
| 001 |
in00000952221 |
| 005 |
20150925171152.0 |
| 007 |
hd afv|||baca |
| 008 |
850502s1672 miu a 00010 eng d |
| 035 |
|
|
|a (OCoLC)11990466
|
| 035 |
|
|
|9 AET0564AM
|
| 037 |
|
|
|a CL0037000027
|b UMI
|
| 037 |
|
|
|b University Microfilms International, 300 N. Zeeb Rd., Ann Arbor, MI 48106
|
| 040 |
|
|
|a EAA
|c EAA
|d m/c
|d UMI
|d UtOrBLW
|
| 049 |
|
|
|a TXAI
|
| 099 |
|
|
|a film
|a B
|a 3609
|
| 100 |
1 |
|
|a Sergeant, John,
|d 1622-1707.
|
| 245 |
1 |
0 |
|a Reason against raillery, or, A full answer to Dr. Tillotson's preface against J.S :
|b with a further examination of his grounds of religion.
|
| 264 |
|
1 |
|a [London] :
|b [publisher not identified],
|c 1672.
|
| 300 |
|
|
|a 48 unnumbered pages, 246 pages, 11 unnumbered pages
|
| 336 |
|
|
|a text
|b txt
|2 rdacontent
|
| 337 |
|
|
|a microform
|b h
|2 rdamedia
|
| 338 |
|
|
|a microfilm reel
|b hd
|2 rdacarrier
|
| 500 |
|
|
|a Errata: page [11] at end.
|
| 500 |
|
|
|a Attributed to John Sergeant. cf. NUC pre-1956.
|
| 500 |
|
|
|a Reproduction of original in Huntington Library.
|
| 510 |
4 |
|
|a Wing
|c S2587
|
| 533 |
|
|
|a Microfilm.
|b Ann Arbor, Mich. :
|c University Microfilms International,
|d 1978.
|e 1 microfilm reel ; 35 mm.
|f (Early English books, 1641-1700 ; 876:15)
|
| 500 |
|
|
|a Microform.
|
| 600 |
1 |
0 |
|a Tillotson, John,
|d 1630-1694.
|t Sixth Catholic letter.
|
| 740 |
0 |
|
|a Reason against raillery.
|
| 740 |
2 |
|
|a A full answer to Dr. Tillotson's preface against J.S.
|
| 830 |
|
0 |
|a Early English books, 1641-1700 ;
|v 876:15.
|
| 999 |
|
|
|a MARS
|
| 999 |
f |
f |
|s b3ecf9ec-a87e-3268-ba66-1c120424459b
|i 36cbb98c-40bb-39a4-b679-7a925254d1fc
|t 0
|
| 952 |
f |
f |
|p default
|a Texas A&M University
|b College Station
|c Sterling C. Evans Library
|d Evans: Microforms (3rd floor)
|t 0
|e film B 3609 876:15
|h Other scheme
|i microform -- microfilm reel
|
| 998 |
f |
f |
|a film B 3609 876:15
|t 0
|l Evans: Microforms (3rd floor)
|